000 00740nmm a2200253 a 4500
003 AR-BaBNM
005 20251128205817.0
008 208019s1967 ||||||||||||||000 | spa||
040 _cAR-BaBNM
100 1 _aDonovan, Robert J.
245 1 0 _aLa guerra de los seis días
_bIsrael en el Medio Oriente
260 _aBuenos Aires
_bPaidós
_c1967
300 0 _a192 p.
_bmapas, il., láms., tablas
500 0 _aCronología para consultar p. 189-192
650 4 _aCIENCIAS POLITICAS
650 4 _aHISTORIA POLITICA
650 4 _aHISTORIA POLITICA ARGENTINA
650 4 _aCONFLICTO INTERNACIONAL
650 4 _aCOEXISTENCIA PACIFICA
651 4 _aIsrael
700 1 _aTimerman, Jacobo
_etraductor
942 _cBK
998 _cMariana
999 _c12898
_d12898